Entry Personal Name
Number of records used in: 1
001 - CONTROL NUMBER
003 - CONTROL NUMBER IDENTIFIER
005 - DATE AND TIME OF LATEST TRANSACTION
- control field:
20231205155812.0
008 - FIXED-LENGTH DATA ELEMENTS
- fixed length control field:
811214n| azannaabn |a aaa
010 ## - LIBRARY OF CONGRESS CONTROL NUMBER
- LC control number:
n 81143071
035 ## - SYSTEM CONTROL NUMBER
- System control number:
(OCoLC)oca00687862
035 ## - SYSTEM CONTROL NUMBER
- System control number:
(CaEvSKY)skya1760363
040 ## - CATALOGING SOURCE
- Original cataloging agency:
DLC
- Language of cataloging:
eng
- Description conventions:
rda
- Transcribing agency:
DLC
- Modifying agency:
NmU
- Modifying agency:
MX-MoT
046 ## - SPECIAL CODED DATES
- Birth date:
1954
- Source of date scheme:
edtf
100 1# - HEADING--PERSONAL NAME
- Personal name:
Stevenson, D.
- Fuller form of name:
(David),
- Dates associated with a name:
1954-
373 ## - ASSOCIATED GROUP
- Associated group:
London School of Economics and Political Science
- Source of term:
naf
374 ## - OCCUPATION
- Occupation:
College teachers
- Occupation:
Authors
- Source of term:
lcsh
374 ## - OCCUPATION
375 ## - GENDER
- Gender:
Males
- Source of term:
lcdgt
378 ## - FULLER FORM OF PERSONAL NAME
- Fuller form of personal name:
Stevenson, David
400 1# - SEE FROM TRACING--PERSONAL NAME
- Personal name:
Stevenson, David,
- Dates associated with a name:
1954-
670 ## - SOURCE DATA FOUND
- Source citation:
His French War aims against Germany, 1914-1919, 1982:
- Information found:
CIP t.p. (D. Stevenson) publr. info sheet (David Stevenson, Research Fellow, Downing College, Cambridge)
670 ## - SOURCE DATA FOUND
- Source citation:
Armaments and the coming of war, 2000, c1996:
- Information found:
t.p. (David Stevenson) p. 4 of cover (Prof. of Int'l. History, London Sch. of Econ. and Poli. Sci.)